00587 a2200181 450000100060000002000180000604000240002410000210004824000260006924500210009530000090011636200090012565000310013494200070016595201040017295201120027699900170038814443 a9788582052662 cAnchieta - Aquarius aUmberto, Mancebo10aA lagarta caolhalpor10aA lagarta caolha a20p.0 a2014 4aLiteratura infanto-juvenil cBK 00104070a87.1b87.1d2023-11-21l0o028.5 UMB LAGp6301/AQUr2023-11-21 15:14:25w2023-11-21yBK 00104070a91.4b91.4d2023-11-21l0oLI 028.5 U48l UMB LAGp3055/BELr2023-11-21 17:41:43w2023-11-21yBK c14443d14443